Countries Closest to Australia A-Z - Statistics

General Stats
  • This quiz has been taken 567 times
  • The average score is 18 of 24
Answer Stats
Letter Country % Correct
N New Zealand
94%
I Indonesia
93%
P Papua New Guinea
88%
Q Qatar
87%
V Vanuatu
87%
Y Yemen
87%
O Oman
86%
Z Zimbabwe
85%
J Japan
81%
T Tuvalu
81%
M Malaysia
78%
S Solomon Islands
78%
L Laos
77%
E East Timor
76%
K Kiribati
74%
B Brunei
72%
C Cambodia
72%
F Federated States of Micronesia
64%
U United States
62%
R Russia
61%
H Hungary
50%
D Djibouti
48%
A Afghanistan
46%
G Georgia
33%
No matching quizzes found
Score Distribution
Percent of People with Each Score
Percentile by Number Answered
Your Score History
You have not taken this quiz